000 nam a22 a 4500
999 _c3587
_d3587
003 AKMAL
005 20170523114545.0
008 170523t2010 nyu e 001 0 eng d
020 _a9780061964398 :
_cRM84.90
082 0 4 _a658.4092 WIS
_222
090 2 0 _a658.4092
_bWIS
100 1 _aWiseman, Liz
_97126
245 1 0 _aMultipliers :
_bhow the best leaders make everyone smarter /
_cLiz Wiseman with Greg Mckeown
260 _aNew York :
_bHarperCollins Publishers,
_c2010
300 _axiii, 268p. ;
_c23cm.
504 _aIncludes bibliographical references and index
650 1 0 _aLeadership
_9120
650 2 0 _aEmployee motivation
_92790
650 2 0 _aExecutive ability
_91222
650 2 0 _aExcellence
_91279
700 1 _aMcKeown, Greg
_97127
942 _2ddc
_cBOOK